Statistics for Latvian Artists

Click here to take the quiz!

General Stats

  • This quiz has been taken 6 times
  • The average score is 3 of 7

Answer Stats

HintAnswer% Correct
ĢedertsEliass
60%
VilhelmsPurvītis
60%
DžemmaSkulme
60%
BirutaBaumane
40%
JāzepsGrosvalds
40%
JānisRozentāls
40%
JēkabsKazaks
20%

Score Distribution

Percentile by Number Answered

Percent of People with Each Score

Your Score History

You have not taken this quiz